Economía (Registro nro. 1422)

Detalles MARC
000 -LEADER
fixed length control field 01438 a2200325 4500
001 - CONTROL NUMBER
control field 25853
005 - DATE AND TIME OF LATEST TRANSACTION
control field 20260407155541.0
008 - FIXED-LENGTH DATA ELEMENTS--GENERAL INFORMATION
fixed length control field 260407a2004 arg spa d
003 - CONTROL NUMBER IDENTIFIER
control field AR-UNSa-BCEJYS
040 ## - CATALOGING SOURCE
Original cataloging agency AR-UNSa-BCEJYS
Language of cataloging spa
Transcribing agency AR-UNSa-BCEJYS
080 ## - UNIVERSAL DECIMAL CLASSIFICATION NUMBER
Universal Decimal Classification number 330
Common auxiliary subdivision Economía en general
020 ## - INTERNATIONAL STANDARD BOOK NUMBER
International Standard Book Number 978-970-26-0443-3
041 ## - LANGUAGE CODE
Language code of text/sound track or separate title spa
100 1# - MAIN ENTRY--PERSONAL NAME
Personal name Parkin, Michael
245 10 - TITLE STATEMENT
Title Economía
250 ## - EDITION STATEMENT
Edition statement 6a. ed
264 #1 - PRODUCTION, PUBLICATION, DISTRIBUTION, MANUFACTURE, AND COPYRIGHT NOTICE
Place of production, publication, distribution, manufacture México :
Name of producer, publisher, distributor, manufacturer Pearson Educación
Date of production, publication, distribution, manufacture, or copyright notice 2004
300 ## - PHYSICAL DESCRIPTION
Extent xlvi, 860p.
Dimensions 27 cm.
505 ## - FORMATTED CONTENTS NOTE
Formatted contents note Parte 1 : Introducción - Parte II : Cómo funcionan los mercados - Parte III : Las elecciones de los consumidores - Parte IV : Empresas y mercados - Parte V : Mercado de factores - Parte VI : El gobierno y las fallas de mercado - Parte VII : Perspectiva macroeconómica - Parte VIII : Demanda agregada y crecimiento económico - Parte IX : Demanda agregada e inflación - Parte X : Problemas políticas de estabilización - Parte XI : La economía global
590 ## - LOCAL NOTE (RLIN)
Local note niveau_biblio:m niveau_hierar:0
700 1# - ADDED ENTRY--PERSONAL NAME
Personal name Sánchez Carrión, Miguel Angel
700 1# - ADDED ENTRY--PERSONAL NAME
Personal name Madrigal Muñiz, Luis Oscar
700 1# - ADDED ENTRY--PERSONAL NAME
Personal name Abán Candia, Edwin
700 1# - ADDED ENTRY--PERSONAL NAME
Personal name Maldonado de Losada, Marcela
700 1# - ADDED ENTRY--PERSONAL NAME
Personal name Ibarra, Carlos A.
700 1# - ADDED ENTRY--PERSONAL NAME
Personal name Muñoz Vargas, Erlend
700 1# - ADDED ENTRY--PERSONAL NAME
Personal name Salazar Rojas, Jaime Óscar
856 41 - ELECTRONIC LOCATION AND ACCESS
Uniform Resource Identifier <a href="https://biblioeco.unsa.edu.ar/pmb/images/libros/Economia 6ed.jpg">https://biblioeco.unsa.edu.ar/pmb/images/libros/Economia 6ed.jpg</a>
Link text Imagen de portada
Electronic format type image/jpeg
942 ## - ADDED ENTRY ELEMENTS (KOHA)
Koha item type
Existencias
Withdrawn status Lost status Damaged status Not for loan Home library Current library Shelving location Date acquired Total checkouts Full call number Barcode Date last seen Price effective from Koha item type Public note
        Biblioteca Prof. Eusebio Cleto del Rey Biblioteca Prof. Eusebio Cleto del Rey   07/04/2026   330 P247 6ed. L116930 07/04/2026 07/04/2026 Libro PÁG. 65 A 72 PARTE SUPERIOR UN POCO HÚMEDA
        Biblioteca Prof. Eusebio Cleto del Rey Biblioteca Prof. Eusebio Cleto del Rey   07/04/2026   330 P247 6ed. L116927 07/04/2026 07/04/2026 Libro LIBRO PARTIDO PÁG. 370, 384 Y 400 - CANTO INFERIOR ESCRITO C/ LAPICERA ROJA - 1RA Y ÚLTIMAS HOJAS DAÑADAS - LÁPIZ LEVE PÁG. 244, 263, 265,269, 312, 314 - CANTO LATERAL MANCHA MORADA - TAPA SEMIDESPEGADA
        Biblioteca Prof. Eusebio Cleto del Rey Biblioteca Prof. Eusebio Cleto del Rey   07/04/2026   330 P247 6ed. L116928 07/04/2026 07/04/2026 Libro UN POCO HÚMEDO EN LA PARTE INFERIOR PÁG. 800 A 824 - ÍNDICE UN POCO HÚMEDO EN LA PARTE INFERIOR - CANTO UN POCO SUCIO
        Biblioteca Prof. Eusebio Cleto del Rey Biblioteca Prof. Eusebio Cleto del Rey   07/04/2026   330 P247 6ed. L116923 07/04/2026 07/04/2026 Libro 1RA Y ÚLTIMAS HOJAS DAÑADAS - HOJAS HÚMEDAS PARTE SUPERIOR - HÚMEDO CANTO INFERIOR
        Biblioteca Prof. Eusebio Cleto del Rey Biblioteca Prof. Eusebio Cleto del Rey   07/04/2026   330 P247 6ed. L116921 07/04/2026 07/04/2026 Libro CANTO INFERIOR MANCHA PEQUEÑA - PÁG. 29 DAÑADA - RAYA C/ LAPICERA ROJA PÁG. 33 - PARTIDO PÁG. 288
        Biblioteca Prof. Eusebio Cleto del Rey Biblioteca Prof. Eusebio Cleto del Rey   07/04/2026   330 P247 6ed. L116925 07/04/2026 07/04/2026 Libro PARTIDO PÁG. 368 - CANTO UN POCO SUCIO
        Biblioteca Prof. Eusebio Cleto del Rey Biblioteca Prof. Eusebio Cleto del Rey   07/04/2026   330 P247 6ed. L116929 07/04/2026 07/04/2026 Libro CANTO Y 1RAS HOJAS UN POCO SUCIAS - PARTIDO PÁG. 368 Y 400 - HOJAS SEMISUELTAS PÁG. 369 A 384 - ÍNDICE HÚMEDO EN ESQUINA SUPERIOR
        Biblioteca Prof. Eusebio Cleto del Rey Biblioteca Prof. Eusebio Cleto del Rey   07/04/2026   330 P247 6ed. L116926 07/04/2026 07/04/2026 Libro 1RA HOJA DAÑADA - SUBRAYADO C/ COLOR ANARANJADO PÁG. 32 A 37 - PARTIDO PÁG. 416 A 432
        Biblioteca Prof. Eusebio Cleto del Rey Biblioteca Prof. Eusebio Cleto del Rey   07/04/2026   330 P247 6ed. L128219 07/04/2026 07/04/2026 Libro CANTO LATERAL MANCHADO